BIBLIOTECA PODER JUDICIAL
Portal Judicial TDF

La búsqueda de la verdad objetiva en el proceso administrativo : (Registro nro. 6324)

000 -LEADER
fixed length control field 01530nabaa22002297a 4500
003 - CONTROL NUMBER IDENTIFIER
control field OSt
005 - DATE AND TIME OF LATEST TRANSACTION
control field 20260130201513.0
008 - FIXED-LENGTH DATA ELEMENTS--GENERAL INFORMATION
fixed length control field 190701b xxu||||| |||| 00| 0 spa d
040 ## - CATALOGING SOURCE
Transcribing agency PJ
100 ## - MAIN ENTRY--PERSONAL NAME
9 (RLIN) 6997
Personal name Fasoli, Luis Eugenio
245 13 - TITLE STATEMENT
Title La búsqueda de la verdad objetiva en el proceso administrativo :
Remainder of title oficiosidad en cuestiones laborales y de salud /
Statement of responsibility, etc Luis Eugenio Fasoli.
300 ## - PHYSICAL DESCRIPTION
Extent p. 316-322
500 ## - GENERAL NOTE
General note Cita: TR LALEY AR/DOC/2589/2025
505 ## - FORMATTED CONTENTS NOTE
Formatted contents note Sumario: I. Introducción.— II. Aclaración metodológica previa.— III. El caso y la decisión judicial.— IV. Verdad material y verdad formal. Principio de oficiosidad.— V. Incorrecciones en el planteo de la parte. Posible inconstitucionalidad e inconvencionalidad de la resolución administrativa.— VI. ¿Existe obligación del Tribunal de declarar la inconstitucionalidad y/o inconvencionalidad de oficio? — VII. Reflexiones finales.
505 ## - FORMATTED CONTENTS NOTE
Title Fallo comentado: CNFed. Contenciosoadministrativo, sala V ~ 17/07/2025 ~ Buchhalter, Luis Ariel c. UBA - Hospital de Clínicas José de San Martín (res. 1165/2022) s/ educación superior - ley 24.521 - art. 32.
505 ## - FORMATTED CONTENTS NOTE
Title ¿Te interesa el texto completo? Comunicate al correo: koha@justierradelfuego.gov.ar
650 #0 - SUBJECT ADDED ENTRY--TOPICAL TERM
9 (RLIN) 211
Topical term or geographic name as entry element DERECHO ADMINISTRATIVO
650 #0 - SUBJECT ADDED ENTRY--TOPICAL TERM
9 (RLIN) 938
Topical term or geographic name as entry element EMPLEO PUBLICO
650 #0 - SUBJECT ADDED ENTRY--TOPICAL TERM
9 (RLIN) 1057
Topical term or geographic name as entry element JURISPRUDENCIA APLICABLE
773 0# - HOST ITEM ENTRY
Host Biblionumber 2842
Host Itemnumber 3251
Place, publisher, and date of publication Buenos Aires : AbeledoPerrot, 2012-
Other item identifier DA121
Title Derecho administrativo. Nº 162 noviembre/diciembre 2025
International Standard Book Number 18510590
942 ## - ADDED ENTRY ELEMENTS (KOHA)
Source of classification or shelving scheme
Koha item type Analítica Artículo de Revista

No hay ítems disponibles.

12 de Octubre 789 Ushuaia - Tel:  54(02901)441571
Horario de Atención: 8.00 a 17.00 hs. 
bibliotecaush@justierradelfuego.gov.ar
koha@justierradelfuego.gov.ar
Seguinos en nuestras redes @bibliojustdf 

Con tecnología Koha